Stades de Premier League (2024-2025) - Statistiques

Statistiques générales
  • Ce quiz a été pris 318 fois
  • Le résultat moyen est 9 sur 20
Statistiques - réponses
Équipe Stade Ville Capacité % Correct
Manchester United Old Trafford Manchester 75 635
95%
Arsenal Emirates Stadium Londres 60 704
91%
Liverpool Anfield Liverpool 54 074
89%
Manchester City Etihad Stadium Manchester 55 097
80%
Chelsea Stamford Bridge Londres 41 798
80%
Tottenham Tottenham Hotspur Stadium Londres 62 062
74%
Newcastle United St James' Park Newcastle 52 405
70%
Aston Villa Villa Park Birmingham 42 788
59%
Everton Goodison Park Liverpool 39 571
51%
Fulham Craven Cottage Londres 25 700
37%
West Ham Stade Olympique Londres 60 000
35%
Leicester City King Power Stadium Leicester 32 262
33%
Wolverhampton Wanderers Molineux Stadium Wolverhampton 31 700
32%
Brighton AMEX Stadium Brighton 30 750
26%
Southampton St Mary's Stadium Southampton 32 384
23%
Bournemouth Dean Court Bournemouth 11 646
20%
Crystal Palace Selhurst Park Londres 26 255
20%
Nottingham Forest City Ground West Bridgford 30 602
11%
Brentford Brentford Community Stadium Londres 17 250
6%
Ipswich Town Portman Road Ipswich 30 673
5%
Aucun quiz correspondant
Distribution des résultats
% des personnes avec chaque résultat
Percentile par nombre de réponses
Votre historique - résultats
Vous n’avez pas pris ce quiz